000 00357nam a22001337a 4500
020 _qHB.
040 _cFIZZA ISHAQ
082 _a628.162
_bKAU
100 _aARVICKUNAR,LIDIA KAUL.
_989139
245 _aWASTE WATER TREATMENT TECHNOLOGY ENVIRONMENT /
_cKAUL LIDIA ARVICKUNAR.
260 _aDEHLI ;
_bPEARSON,
_c2004.
300 _a848 P. ;
942 _2ddc
_cBK
999 _c587959
_d587959